[Event "Thessaloniki White Tower A"]
[White "Giannoulakis, Labros"]
[Black "Sideris, Georgios"]
[Site "Thessaloniki"]
[Round "3.6"]
[Result "1/2-1/2"]
[Date "2014.01.04"]
[WhiteElo "2000"]
[BlackElo "1947"]
[PlyCount "62"]
[EventDate "2014.01.02"]
[EventType "swiss"]
[EventRounds "7"]
[EventCountry "GRE"]
[SourceTitle "EXT 2024"]
[Source "ChessBase"]
[SourceDate "2023.10.10"]
[SourceVersion "1"]
[SourceVersionDate "2023.10.10"]
[SourceQuality "1"]

1. d4 Nf6 2. c4 e6 3. Nc3 Bb4 4. e3 Bxc3+ 5. bxc3 0-0 6. Bd3 d6 7. Ne2 e5 8. e4 Qe7 9. Qc2 Re8 10. Ng3 c5 11. d5 Na6 12. 0-0 Nc7 13. Bg5 h6 14. Bd2 g5 15. f3 Rf8 16. Nf5 Bxf5 17. exf5 Nce8 18. g4 Nd7 19. Rab1 b6 20. Be4 f6 21. h4 Ng7 22. Kf2 Rf7 23. Rh1 Ne8 24. hxg5 hxg5 25. Rh6 Nf8 26. a4 Rh7 27. Rxh7 Qxh7 28. Kg2 Qc7 29. Rh1 Rd8 30. Qc1 Rd7 31. Rh6 Rh7 1/2-1/2